| 000 | 00677cas a2200205 a 4500 | ||
|---|---|---|---|
| 001 | 000031409 | ||
| 003 | DO-SdBNP | ||
| 005 | 20240902094808.0 | ||
| 008 | 760620u1913uuuudr x p f0 b0spa | ||
| 040 |
_aDO-SdBNP _cspa _bDO-SdBNP |
||
| 043 | _anwdr | ||
| 245 | 0 | 0 | _aRevista medico-farmacéutica dominicana. |
| 260 |
_aSanto Domingo :, _c1913. |
||
| 310 | _aMensual | ||
| 362 | 0 | _aaño 1.no.1y2(enero/febrero, 1913-) | |
| 500 | _aDirectores: Fernando A. Defilló, J.G. Obregón García | ||
| 650 | 4 |
_aMedicina _zRepública Dominicana _vPUBLICACIONES PERIÓDICAS _957828 |
|
| 650 | 4 |
_aFarmacia _zRepública Dominicana _vPUBLICACIONES PERIÓDICAS _957829 |
|
| 942 |
_2ddc _cISSUE |
||
| 999 |
_c30901 _d30901 |
||